00682nam a2200181Ia 450000500170000000800410001701600140005804000240007205000150009608200160011108600240012711000840015124501280023526000730036330000260043656300100046265000280047220251015143018.0210303s9999 xx 000 0 und d 2reto2022b aNLNbEnglisheAACR2 aZ732b.K11 b021.0096695 aDT515 NCK8bI43.O33 aKADUNA State Ministry of Internal Affairs and Information. Information Division 0aActivities of Kaduna State Library Board /cKaduna State Ministry of Internal Affairs and Information. Information Division aKaduna State :bMinistry of Internal Affairs and Information,c1984? a13p. :bports. ; 25cm a(pbk) aLibrariesvKaduna State